| 000 | 00817nam a2200301 i 4500 | ||
|---|---|---|---|
| 999 |
_c6080 _d6080 |
||
| 001 | 018859067 | ||
| 003 | Uk | ||
| 005 | 20260205103132.0 | ||
| 008 | 180328s2018 enk j 000 f eng d | ||
| 015 |
_aGBB938573 _2bnb |
||
| 020 | _a9781406363043 (pbk.) | ||
| 040 |
_aStDuBDS _beng _cStDuBDS _dUk _dKH8 _erda |
||
| 042 | _aukblcatcopy | ||
| 082 | 0 | 4 |
_aFIC SHE _223 |
| 100 | 1 |
_aSheldon, Dyan, _eauthor. |
|
| 245 | 1 | 0 |
_aHello, I must be going / _cDyan Sheldon. |
| 264 | 1 |
_aLondon : _bWalker Books, _c2018. |
|
| 300 |
_a301 pages ; _c20 cm |
||
| 336 |
_atext _2rdacontent |
||
| 337 |
_aunmediated _2rdamedia |
||
| 338 |
_avolume _2rdacarrier |
||
| 521 | 1 | _a12+. | |
| 530 | _aAlso issued online. | ||
| 650 |
_aFriendship _vfiction |
||
| 650 |
_aGhost _vfiction |
||
| 655 | 0 |
_aYoung adult _vFiction |
|
| 942 |
_2ddc _cFIC |
||